Las reglas del Código Civil de Chile sobre interpretación de las leyes
Saved in:
| Hovedforfatter: | |
|---|---|
| Format: | Bog |
| Sprog: | spansk |
| Udgivet: |
Santiago, Chile
Legal Publishing
2011
|
| Udgivelse: | Segunda edición |
| Serier: | Colección de Tratados
|
| Fag: | |
| Tags: |
Tilføj Tag
Ingen Tags, Vær først til at tagge denne postø!
|
MARC
| LEADER | 00000nam a2200000 a 4500 | ||
|---|---|---|---|
| 001 | UCG6718 | ||
| 003 | CL-VaPUC | ||
| 005 | 20250416110211.0 | ||
| 008 | 110512e20110400CL |||||||||||||||||spa|d | ||
| 999 | |c 344864 |d 344862 | ||
| 020 | |a 9789562389891 | ||
| 040 | |c Pontificia Universidad Católica de Valparaíso | ||
| 082 | 0 | 4 | |a 346.83 GUZ 2011 |2 21 |
| 100 | |a Guzmán Brito, Alejandro Ángel |e autor |9 388 | ||
| 245 | 1 | 4 | |a Las reglas del Código Civil de Chile sobre interpretación de las leyes |
| 250 | |a Segunda edición | ||
| 260 | 0 | 3 | |a Santiago, Chile |b Legal Publishing |c 2011 |
| 300 | |a 261 páginas | ||
| 490 | 0 | |a Colección de Tratados | |
| 583 | |a last modification |c 20110512 00:00:00 |k Rodrigo Vera | ||
| 650 | 0 | |a Código civil chileno |9 255931 | |
| 650 | 0 | |a Jurisprudencia |9 255952 | |
| 650 | 0 | |a Fuentes del derecho |9 255162 | |
| 650 | 0 | |a Derecho civil |9 255013 | |
| 650 | 0 | |a Historia del derecho |9 255109 | |
| 650 | 0 | |a Académicos |x Pontificia Universidad Católica de Valparaíso (PUCV) |9 255553 | |
| 942 | |c BK |2 ddc | ||
| 945 | |d 20110512 00:00:00 |a jcampos | ||
| 952 | |0 0 |1 0 |2 ddc |4 0 |6 346_830000000000000_GUZ_2011 |7 0 |8 A |9 443196 |a BIBDER |b BIBDER |d 2019-11-22 |i 4776550 |o 346.83 GUZ 2011 |p 4776550 |r 2023-08-21 |t 1 |w 2019-11-22 |y BK |k DER | ||
| 952 | |0 0 |1 0 |2 ddc |4 0 |6 346_830000000000000_GUZ_2011 |7 0 |8 A |9 443197 |a BIBDER |b BIBDER |d 2019-11-22 |i 4776569 |o 346.83 GUZ 2011 |p 4776569 |r 2023-01-25 |t 2 |w 2019-11-22 |y BK |k DER | ||
| 952 | |0 0 |1 0 |2 ddc |4 0 |6 346_830000000000000_GUZ_2011 |7 0 |8 A |9 443198 |a BIBDER |b BIBDER |d 2019-11-22 |i 4776577 |o 346.83 GUZ 2011 |p 4776577 |r 2023-01-25 |t 3 |w 2019-11-22 |y BK |k DER | ||
| 952 | |0 0 |1 0 |2 ddc |4 0 |6 346_830000000000000_GUZ_2011 |7 0 |8 A |9 443199 |a BIBDER |b BIBDER |d 2019-11-22 |i 4776585 |l 2 |m 1 |o 346.83 GUZ 2011 |p 4776585 |r 2023-08-28 |s 2023-08-21 |t 4 |w 2019-11-22 |y BK |k DER | ||
| 952 | |0 0 |1 0 |2 ddc |4 0 |6 346_830000000000000_GUZ_2011 |7 0 |8 A |9 443200 |a BIBDER |b BIBDER |d 2019-11-22 |i 4776593 |l 4 |m 3 |o 346.83 GUZ 2011 |p 4776593 |r 2025-01-06 |s 2024-10-18 |t 5 |w 2019-11-22 |y BK |k DER | ||
| 952 | |0 0 |1 0 |2 ddc |4 0 |6 346_830000000000000_GUZ_2011 |7 0 |8 A |9 443201 |a BIBDER |b BIBDER |d 2019-11-22 |i 4776607 |o 346.83 GUZ 2011 |p 4776607 |r 2023-01-25 |t 6 |w 2019-11-22 |y BK |k DER | ||
| 952 | |0 0 |1 0 |2 ddc |4 0 |6 346_830000000000000_GUZ_2011 |7 0 |8 A |9 443202 |a BIBDER |b BIBDER |d 2019-11-22 |i 4776615 |l 1 |o 346.83 GUZ 2011 |p 4776615 |r 2023-01-25 |s 2022-03-30 |t 7 |w 2019-11-22 |y BK |k DER | ||
| 952 | |0 0 |1 0 |2 ddc |4 0 |6 346_830000000000000_GUZ_2011 |7 0 |8 A |9 443203 |a BIBDER |b BIBDER |d 2019-11-22 |i 4776623 |o 346.83 GUZ 2011 |p 4776623 |r 2023-01-25 |t 8 |w 2019-11-22 |y BK |k DER | ||
| 952 | |0 0 |1 0 |2 ddc |4 0 |6 346_830000000000000_GUZ_2011 |7 0 |8 A |9 443204 |a BIBDER |b BIBDER |d 2019-11-22 |i 4776631 |l 5 |o 346.83 GUZ 2011 |p 4776631 |r 2023-01-25 |s 2022-07-11 |t 9 |w 2019-11-22 |y BK |k DER | ||
| 952 | |0 0 |1 0 |2 ddc |4 0 |6 346_830000000000000_GUZ_2011 |7 0 |8 A |9 443205 |a BIBDER |b BIBDER |d 2019-11-22 |i 477664K |l 2 |o 346.83 GUZ 2011 |p 477664K |r 2025-04-25 |s 2025-04-16 |t 10 |w 2019-11-22 |y BK |k DER | ||